000
00289nam a22001217a 4500
008
181005b xxu||||| |||| 00| 0 eng d
041
_a
eng
080
_a
101
100
_a
24
101
_a
FIL
245
_a
Bits of Philosphy From Thw Leter And Journal
_c
Ferguson,F.A
942
_2
udc
_c
BK
999
_c
48889
_d
48889